01036 2200205 4500001002100000005001500021035002000036008004100056020000800097041000800105082001000113084001600123100001900139245008400158260005100242300002900293520046200322650002200784990002400806INLIS00000000000163920241018121437 a0010-0520001639241018 | 0 ind  a194 aind a959.8 a959.8 MUH s0 aMuhammad Yamin1 aSedjarah Peperangan Dipanegara Pahlawan Kemerdekaan Indonesia /cMuhammad Yamin aJakarta :bJajasan Pembangunan Djakarta,c1945 a113p. ; 21 cm. ;c21 cm. aKitab yang ditulis oleh saudara Muhammad Yamin ini, mengandung maksud untuk membesarkan unggun api semangat kebangsaan Indonesia. Sejarah yang ditulisnya ialah sejarah pahlawan Dipanegara, yang berjuang untuk merebahkan kekuasaan Belanda dan untuk menegakkan kemerdekaan Rakyat. Didalamnya dapat pulalah pembaca menenemui sebagian daripada pesanan saja kepada bangsa Indonesia, seperti yang saya sampaikan kepada pemuda-pemudi diseluruh kepulauan Indonesia. 4aSejarah Indonesia a06182/MKRI-P/V-2007